The delicious history of the holiday (Record no. 229675)
[ view plain ]
| 000 -LEADER | |
|---|---|
| fixed length control field | 01209nam a2200337 a 4500 |
| 082 04 - DEWEY DECIMAL CLASSIFICATION NUMBER | |
| Classification number | 306.48 |
| 100 1# - MAIN ENTRY--AUTHOR NAME | |
| Personal name | Inglis, Fred. |
| 245 14 - TITLE STATEMENT | |
| Title | The delicious history of the holiday |
| 260 ## - PUBLICATION, DISTRIBUTION, ETC. (IMPRINT) | |
| Place of publication | London : |
| Name of publisher | Routledge, |
| Year of publication | 2000. |
| 300 ## - PHYSICAL DESCRIPTION | |
| Number of Pages | xi, 206p. : |
| Other physical details | ill. |
| 650 #0 - SUBJECT ADDED ENTRY--TOPICAL TERM | |
| Topical Term | Travel |
| Topical Term | Vacations |
| Topical Term | Tourism |
| 856 40 - ELECTRONIC LOCATION AND ACCESS | |
| Uniform Resource Identifier | http://site.ebrary.com/lib/rucke/Doc?id=2002356 |
No items available.
